| Tag |
First Indicator |
Second Indicator |
Subfields |
| LEADER |
00000cam a2200000 a 4500 |
| 001 |
in00000025042 |
| 005 |
20151007055712.0 |
| 008 |
860515s1986 nyuab b 00110 eng d |
| 035 |
|
|
|a (OCoLC)13574062
|
| 035 |
|
|
|9 AAB9017AM
|
| 040 |
|
|
|a VXG
|c VXG
|d m/c
|d UMC
|d TXA
|d UtOrBLW
|
| 043 |
|
|
|a cl-----
|
| 049 |
|
|
|a TXAM
|c [A11074881]
|
| 050 |
|
4 |
|a QK495.T745
|b M325 1986
|
| 100 |
1 |
|
|a Maas, P. J. M.
|
| 245 |
1 |
0 |
|a Saprophytes pro parte /
|c by P.J.M. Maas and collaborators.
|
| 264 |
|
1 |
|a New York :
|b Published for Organization for Flora Neotropica by the New York Botanical Garden,
|c [1986]
|
| 264 |
|
4 |
|c ©1986
|
| 300 |
|
|
|a 55, 93, 189 pages :
|b illustrations, maps ;
|c 26 cm.
|
| 336 |
|
|
|a text
|b txt
|2 rdacontent
|
| 337 |
|
|
|a unmediated
|b n
|2 rdamedia
|
| 338 |
|
|
|a volume
|b nc
|2 rdacarrier
|
| 490 |
1 |
|
|a Flora neotropica,
|x 0071-5794 ;
|v monographs 40, 41, 42
|
| 500 |
|
|
|a "Issued 17 April 1986."
|
| 504 |
|
|
|a Includes bibliographies and indexes.
|
| 505 |
0 |
|
|a Triuridaceae / by P.J.M. Maas and T. Rübsamen -- Voyria and Voyriella (saprophytic Gentianaceae) / by P.J.M. Maas and P. Ruyters -- Burmanniaceae / by P.J.M. Maas ... [et al.].
|
| 650 |
|
0 |
|a Triuridaceae
|x Classification.
|
| 650 |
|
0 |
|a Gentianaceae
|x Classification.
|
| 650 |
|
0 |
|a Burmanniaceae
|x Classification.
|
| 650 |
|
0 |
|a Saprophytism.
|
| 650 |
|
0 |
|a Botany
|z Latin America
|x Classification.
|
| 700 |
1 |
|
|a Rübsamen-Weustenfeld, Traudel.
|
| 700 |
1 |
|
|a Ruyters, P.
|q (Piet),
|d 1951-
|
| 740 |
0 |
|
|a Triuridaceae.
|
| 740 |
0 |
|
|a Voyria and Voyriella (saprophytic Gentianaceae)
|
| 740 |
0 |
|
|a Burmanniaceae.
|
| 830 |
|
0 |
|a Flora neotropica ;
|v monograph no. 40-42.
|
| 999 |
|
|
|a MARS
|
| 999 |
f |
f |
|s 978c5af2-f6dc-3580-a4a4-f67b9532d17a
|i c73e1df4-9b8d-3ee8-a632-8b824c3229d8
|t 0
|
| 952 |
f |
f |
|p ric
|a Texas A&M University
|b Rellis Campus
|c Joint Library Facility
|d Remote Storage
|t 0
|e QK495.T745 M325 1986
|h Library of Congress classification
|i unmediated -- volume
|m A14811074881
|
| 998 |
f |
f |
|a QK495.T745 M325 1986
|t 0
|l Remote Storage
|